Se hace memoria al hablar: la oralidad como base de la comprensión lectora
Guardat en:
| Autor corporatiu: | |
|---|---|
| Format: | Llibre |
| Idioma: | espanyol |
| Publicat: |
Santiago
CPIEP
2006
|
| Matèries: | |
| Etiquetes: |
Afegir etiqueta
Sense etiquetes, Sigues el primer a etiquetar aquest registre!
|
MARC
| LEADER | 00000nam a2200000 a 4500 | ||
|---|---|---|---|
| 001 | UCI3674 | ||
| 003 | CL-VaPUC | ||
| 008 | 071123e20060000CL |||||||||||||||||spa|d | ||
| 082 | 0 | 4 | |a 372.41 |b CPE |2 21 |
| 110 | 2 | |a CPEIP |e author |9 525150 | |
| 245 | 1 | 0 | |a Se hace memoria al hablar: la oralidad como base de la comprensión lectora |
| 300 | |a 148 p | ||
| 942 | |c BK | ||
| 945 | |d 20071123 00:00:00 |a rbrito | ||
| 260 | |a Santiago |b CPIEP |c 2006 | ||
| 650 | 0 | |a Comprensión de lectura |9 307588 | |
| 650 | 0 | |a Enseñanza de la lectura |9 308364 | |
| 650 | 0 | |a Educación básica |9 224933 | |
| 650 | 0 | |a Técnicas de comunicación |9 334811 | |
| 650 | 0 | |a Promoción de la lectura |9 334232 | |
| 583 | |a last modification |c 20161102 12:59:48 |k Rodrigo Vera | ||
| 999 | |c 327805 |d 327803 | ||
| 952 | |0 0 |1 0 |4 0 |6 372_410000000000000_CPE_2006 |7 0 |8 A |9 411268 |a BIBEDU |b BIBEDU |c ES_NOD |d 2019-11-22 |i 4391527 |o 372.41 CPE 2006 |p 4391527 |r 2023-08-09 |w 2019-11-22 |y BK |k EPE | ||
| 952 | |0 0 |1 0 |4 0 |6 372_410000000000000_CPE_2006 |7 0 |8 A |9 411269 |a BIBEDU |b BIBEDU |c ES_NOD |d 2019-11-22 |i 4391535 |o 372.41 CPE 2006 |p 4391535 |r 2023-08-09 |w 2019-11-22 |y BK |k EPE | ||
| 952 | |0 0 |1 0 |4 0 |6 372_410000000000000_CPE_2006 |7 0 |8 A |9 411270 |a BIBEDU |b BIBEDU |c ES_NOD |d 2019-11-22 |i 4391543 |o 372.41 CPE 2006 |p 4391543 |r 2023-08-09 |w 2019-11-22 |y BK |k EPE | ||
| 952 | |0 0 |1 0 |4 0 |6 372_410000000000000_CPE_2006 |7 0 |8 A |9 411271 |a BIBEDU |b BIBEDU |c ES_NOD |d 2019-11-22 |i 4439953 |o 372.41 CPE 2006 |p 4439953 |r 2023-08-09 |w 2019-11-22 |y BK |k EPE | ||